[Event "Ambalangoda Dhamso op 11th"]
[White "Balendran, Misothan"]
[Black "Senarathna, Chamithu Dewwin"]
[Site "Ambalangoda"]
[Round "10"]
[Result "1-0"]
[Date "2024.05.21"]
[WhiteElo "1630"]
[BlackElo "1509"]
[PlyCount "81"]
[EventDate "2024.05.17"]
[EventType "swiss"]
[EventRounds "10"]
[EventCountry "SRI"]
[SourceTitle "CBM 220 Extra"]
[Source "ChessBase"]
[SourceDate "2024.07.31"]
[SourceVersion "1"]
[SourceVersionDate "2024.07.31"]
[SourceQuality "1"]

1. e4 c6 2. Bc4 d5 3. Bb3 e6 4. Nc3 Nf6 5. exd5 cxd5 6. d4 Nc6 7. Nf3 Bb4 8. 0-0 h6 9. Ne2 0-0 10. c3 Bd6 11. Bf4 b5 12. Qd3 Bxf4 13. Nxf4 b4 14. Ba4 Qb6 15. Bxc6 Qxc6 16. Ne5 Qd6 17. Qh3 a5 18. Rac1 Ba6 19. Rfe1 Rac8 20. Re3 Ne4 21. Nh5 Rc7 22. Qg4 f6 23. Ng6 Rff7 24. Rce1 Bc8 25. Ng3 Ng5 26. h4 Nh7 27. Qh3 Nf8 28. Rf3 Kh7 29. Nxf8+ Rxf8 30. Rfe3 Bd7 31. R1e2 Re8 32. Nh5 bxc3 33. bxc3 Rxc3 34. Qg4 Qe7 35. Nf4 Rxe3 36. Rxe3 Rc8 37. Kh2 Qd6 38. g3 Rc6 39. Qg6+ Kh8 40. Qf7 Kh7 41. Nh5 1-0